Katastrofy v roce 2003 a komerční pojištění

Bilancia katastrofických udalostí vo svete v roku a komerčné poistenie. Poistené škody a nepoistené škody.Vývoj počtu katastrofických udalostí v rokoch 1970-2003. Katastrofy podľa regiónov (krajín).

Na minha lista:
Detalhes bibliográficos
Autor principal: Ducháčková, Eva
Formato: Capítulo de Livro
Idioma:tcheco
Assuntos:
Tags: Adicionar Tag
Sem tags, seja o primeiro a adicionar uma tag!

MARC

LEADER 00000naa$a2200000$$$4500
001 0021356
005 20230927101159.6
041 0 |a cze 
044 |a CZ 
245 1 0 |a Katastrofy v roce 2003 a komerční pojištění  |c Eva Ducháčková 
520 |a Bilancia katastrofických udalostí vo svete v roku a komerčné poistenie. Poistené škody a nepoistené škody.Vývoj počtu katastrofických udalostí v rokoch 1970-2003. Katastrofy podľa regiónov (krajín). 
610 2 0 |a pohromy živelné 
610 2 0 |a 2003 
610 2 0 |a škody 
610 2 0 |a poistenie neživotné 
610 2 0 |a 1970-2003 
100 1 |a Ducháčková, Eva